Christmas True or False? - Statistics

General Stats
  • This quiz has been taken 1,038 times
  • The average score is 8 of 15
Answer Stats
Question Answer % Correct
Christmas trees as a custom originated in America False
82%
In Japan it is a Christmas tradition to eat Kentucky Fried Chicken True
78%
One of Santa's reindeer shares a name with a Roman god True
76%
The "mincemeat" in mince pies used to be made with actual meat True
70%
In the Netherlands, Santa has a controversial companion named "Black Pete" True
70%
Russia sends the UK a Christmas tree every year to put in Trafalgar Square False
69%
Mistletoe emits a pheromone that makes humans more likely to kiss False
64%
Celebrating Christmas used to be illegal in Boston True
62%
No gifts are given to Santa at Christmas False
56%
Nativity scenes to promote Christianity are banned in French public spaces True
53%
Jingle Bells was originally written for Thanksgiving True
48%
Jesus was gifted gold, frankenstein and myrrh at his birth False
39%
Legend tells that St Nicholas resurrected three children from the dead True
36%
In the song The Twelve Days of Christmas the singer receives forty gold rings True
32%
Black Friday is the busiest pre-Christmas shopping day in the United States False
12%
No matching quizzes found
Score Distribution
Percent of People with Each Score
Percentile by Number Answered
Your Score History
You have not taken this quiz